000
00311nam a22001337a 4500
008
170831b xxu||||| |||| 00| 0 eng d
020
_a
9780023854514
041
_a
eng
080
_a
070
100
_a
40
101
_a
MED
245
_a
RESEARSH METHODS SOCIAL SCIENCES
_c
MUTCHNICK.R.R
942
_2
udc
_c
BK
999
_c
25679
_d
25679